[Event "BCF-chT3E 2223 (4NCL)"]
[Site "England"]
[Date "2023.05.01"]
[Round "11.55"]
[White "Lancaster, Roger"]
[Black "Kemp, Paul R"]
[Result "0-1"]
[WhiteElo "1956"]
[BlackElo "2014"]
[PlyCount "92"]
[EventDate "2022.11.05"]
[EventType "team-tourn"]
[EventRounds "11"]
[EventCountry "ENG"]
[SourceTitle "EXT 2024"]
[Source "ChessBase"]
[SourceDate "2023.10.10"]
[SourceVersion "1"]
[SourceVersionDate "2023.10.10"]
[SourceQuality "1"]
[WhiteTeam "Watford"]
[BlackTeam "Poisoned Pawns"]
[WhiteTeamCountry "ENG"]
[BlackTeamCountry "ENG"]

1. e4 c6 2. Nc3 d5 3. Qf3 dxe4 4. Nxe4 Nf6 5. c3 Nxe4 6. Qxe4 Nd7 7. d4 Nf6 8. Qc2 Bg4 9. Bd3 Bh5 10. Nf3 Bxf3 11. gxf3 Qd6 12. Be3 g6 13. 0-0-0 Nd5 14. Kb1 0-0-0 15. h4 Bg7 16. h5 Kb8 17. a3 e5 18. Bg5 Bf6 19. dxe5 Qxe5 20. Bxf6 Qxf6 21. hxg6 hxg6 22. Rxh8 Rxh8 23. Be4 Nb6 24. Qd3 Qe6 25. Qd6+ Qxd6 26. Rxd6 Kc7 27. Rf6 Rh7 28. Kc2 Nd7 29. Rf4 Ne5 30. Kb3 f5 31. Bc2 Rh2 32. Bd1 Rxf2 33. Rh4 Nxf3 34. Rh6 Ne5 35. Bc2 Rg2 36. Rh7+ Kb6 37. Re7 Nf3 38. Rg7 Nd2+ 39. Ka2 f4 40. a4 a5 41. Bd3 f3 42. Rf7 g5 43. Ka3 f2 44. b4 axb4+ 45. Kxb4 Rg4+ 46. c4 Rf4 0-1

[Event "BCF-chT3E 2223 (4NCL)"]
[Site "England"]
[Date "2023.01.07"]
[Round "3.44"]
[White "Kemp, Paul R"]
[Black "Brown, Alan M"]
[Result "1-0"]
[WhiteElo "1963"]
[BlackElo "1997"]
[PlyCount "81"]
[EventDate "2022.11.05"]
[EventType "team-tourn"]
[EventRounds "11"]
[EventCountry "ENG"]
[SourceTitle "EXT 2024"]
[Source "ChessBase"]
[SourceDate "2023.10.10"]
[SourceVersion "1"]
[SourceVersionDate "2023.10.10"]
[SourceQuality "1"]
[WhiteTeam "Poisoned Pawns"]
[BlackTeam "MK Phoenix"]
[WhiteTeamCountry "ENG"]
[BlackTeamCountry "ENG"]

1. e4 e6 2. d4 d5 3. exd5 exd5 4. Bd3 Nc6 5. c3 Bd6 6. Qf3 Be6 7. Ne2 Qf6 8. Bf4 0-0-0 9. Nd2 Nh6 10. Bxd6 Qxf3 11. Nxf3 Rxd6 12. Kd2 Bf5 13. Bxf5+ Nxf5 14. Ng3 Nxg3 15. hxg3 h6 16. Rae1 Rdd8 17. Rh5 g6 18. Rhh1 h5 19. Ng5 Rhf8 20. Re2 Rd7 21. Rhe1 Kd8 22. Nh7 Rh8 23. Nf6 Re7 24. Nxd5 Rxe2+ 25. Rxe2 Rf8 26. a3 Nb8 27. Kd3 Nd7 28. b3 c6 29. Nf4 Nf6 30. f3 Rh8 31. a4 g5 32. Nh3 Rg8 33. Nf2 Rh8 34. Re5 g4 35. Ne4 Nd7 36. Ra5 gxf3 37. gxf3 Kc7 38. Rf5 Rh7 39. Ke3 b6 40. Ng5 Rg7 41. Kf4 1-0

[Event "BCF-chT3Sa 1920 (4NCL)"]
[Site "England"]
[Date "2020.02.09"]
[Round "6.36"]
[White "Kemp, Paul R"]
[Black "Gibson, Christopher A"]
[Result "0-1"]
[WhiteElo "2021"]
[BlackElo "1867"]
[PlyCount "76"]
[EventDate "2019.11.09"]
[EventType "team-tourn"]
[EventRounds "11"]
[EventCountry "ENG"]
[SourceTitle "EXT 2023"]
[Source "ChessBase"]
[SourceDate "2022.10.05"]
[SourceVersion "1"]
[SourceVersionDate "2022.10.05"]
[SourceQuality "1"]
[WhiteTeam "Poisoned Pawns"]
[BlackTeam "The Rookies"]
[WhiteTeamCountry "ENG"]
[BlackTeamCountry "ENG"]

1. e4 c5 2. c3 Nf6 3. e5 Nd5 4. d4 cxd4 5. Nf3 e6 6. cxd4 d6 7. Bc4 Nc6 8. 0-0 Be7 9. Bd2 Qb6 10. Nc3 Nxc3 11. Bxc3 d5 12. Bd3 Bd7 13. Qd2 0-0 14. Rad1 f5 15. exf6 Rxf6 16. Ne5 Nxe5 17. dxe5 Rf7 18. Bd4 Bc5 19. Bxc5 Qxc5 20. Rc1 Qb6 21. Rce1 Bb5 22. Bxb5 Qxb5 23. Re3 Rc8 24. Rc1 Rfc7 25. Rec3 Rc4 26. b3 Rxc3 27. Rxc3 Rc5 28. g3 b6 29. Kg2 Qb4 30. Rd3 Qe4+ 31. f3 Qxe5 32. Re3 Qf5 33. Re2 Qf6 34. g4 Rc3 35. f4 d4 36. Re5 Qh4 37. Qd1 Qh3+ 38. Kh1 d3 0-1

[Event "BCF-chT3Sa 1920 (4NCL)"]
[Site "England"]
[Date "2020.01.11"]
[Round "3.14"]
[White "McDougall, William M"]
[Black "Kemp, Paul R"]
[Result "1/2-1/2"]
[WhiteElo "2085"]
[BlackElo "2021"]
[PlyCount "89"]
[EventDate "2019.11.09"]
[EventType "team-tourn"]
[EventRounds "11"]
[EventCountry "ENG"]
[SourceTitle "EXT 2023"]
[Source "ChessBase"]
[SourceDate "2022.10.05"]
[SourceVersion "1"]
[SourceVersionDate "2022.10.05"]
[SourceQuality "1"]
[WhiteTeam "Wessex"]
[BlackTeam "Poisoned Pawns"]
[WhiteTeamCountry "ENG"]
[BlackTeamCountry "ENG"]

1. d4 d5 2. c4 c6 3. Nf3 Nf6 4. g3 Bf5 5. Nc3 dxc4 6. Bg2 Nbd7 7. 0-0 h6 8. Re1 e6 9. e4 Bh7 10. d5 Bc5 11. dxe6 fxe6 12. Nd4 Nf8 13. Be3 Qe7 14. Qa4 Bxd4 15. Bxd4 e5 16. Be3 N8d7 17. Qxc4 Bg8 18. Qa4 Be6 19. f3 a5 20. Rac1 Qb4 21. Qc2 0-0 22. Kh1 Rfd8 23. Qf2 a4 24. Red1 Qa5 25. Rd6 Kf7 26. h4 Ke7 27. Rdd1 Ne8 28. Kh2 Nd6 29. Bh3 Bxh3 30. Kxh3 Nc4 31. Qe2 Nxe3 32. Qxe3 Qb4 33. Rc2 a3 34. b3 Nf8 35. Rcd2 Ne6 36. Ne2 Rxd2 37. Rxd2 Rd8 38. Rxd8 Kxd8 39. Kg2 Qe1 40. Qd3+ Kc7 41. Qc4 Qd2 42. Qxe6 Qxe2+ 43. Kh3 Qxa2 44. Qxe5+ Kb6 45. b4 1/2-1/2

[Event "BCF-chT3Sa 1920 (4NCL)"]
[Site "England"]
[Date "2019.11.10"]
[Round "2.44"]
[White "Kadodwala, Nalin"]
[Black "Kemp, Paul R"]
[Result "0-1"]
[WhiteElo "2027"]
[BlackElo "2021"]
[PlyCount "146"]
[EventDate "2019.11.09"]
[EventType "team-tourn"]
[EventRounds "11"]
[EventCountry "ENG"]
[SourceTitle "EXT 2023"]
[Source "ChessBase"]
[SourceDate "2022.10.05"]
[SourceVersion "1"]
[SourceVersionDate "2022.10.05"]
[SourceQuality "1"]
[WhiteTeam "Oxford III"]
[BlackTeam "Poisoned Pawns"]
[WhiteTeamCountry "ENG"]
[BlackTeamCountry "ENG"]

1. Nf3 d5 2. g3 Nf6 3. Bg2 Bf5 4. c4 c6 5. 0-0 e6 6. d3 dxc4 7. dxc4 Qxd1 8. Rxd1 Bc5 9. b3 Nbd7 10. Bb2 0-0 11. Nc3 Rfd8 12. e3 h6 13. h3 Bb6 14. b4 Rac8 15. Nd2 Bc2 16. Rdc1 Bd3 17. Nce4 Nxe4 18. Nxe4 Bxe4 19. Bxe4 Nf6 20. Bc2 Bc7 21. Rd1 b6 22. Kg2 Rxd1 23. Rxd1 Rd8 24. Rxd8+ Bxd8 25. Be5 Be7 26. b5 cxb5 27. cxb5 Nd7 28. Bc7 Kf8 29. Be4 Bc5 30. Bc6 Ke7 31. Bxd7 Kxd7 32. Be5 f6 33. Bb2 Kd6 34. e4 Bb4 35. a3 Bd2 36. Bd4 e5 37. Bb2 Kc5 38. Kf3 Kc4 39. Ke2 Bc3 40. Bc1 Kxb5 41. Kd3 Bd4 42. f3 Ka4 43. Kc4 b5+ 44. Kd5 a5 45. g4 Kb3 46. h4 Kc2 47. Bxh6 gxh6 48. Ke6 b4 49. axb4 axb4 50. Kxf6 b3 51. g5 hxg5 52. hxg5 b2 53. g6 b1Q 54. g7 Qb6+ 55. Kf7 Qc7+ 56. Kf6 Qd6+ 57. Kf7 Qd7+ 58. Kg6 Qe8+ 59. Kh7 Qh5+ 60. Kg8 Bc5 61. f4 exf4 62. e5 Qg6 63. Kh8 Qh6+ 64. Kg8 f3 65. e6 Qxe6+ 66. Kh7 f2 67. g8Q Qxg8+ 68. Kxg8 f1Q 69. Kg7 Be7 70. Kg6 Qf6+ 71. Kh7 Qg5 72. Kh8 Bf6+ 73. Kh7 Qg7# 0-1

[Event "BCF-chT3Sb 1819 (4NCL)"]
[Site "England"]
[Date "2019.01.13"]
[Round "4.54"]
[White "Jones, Christopher M"]
[Black "Kemp, Paul R"]
[Result "1/2-1/2"]
[WhiteElo "2110"]
[BlackElo "2022"]
[PlyCount "204"]
[EventDate "2018.11.17"]
[EventType "team-tourn"]
[EventRounds "7"]
[EventCountry "ENG"]
[SourceTitle "EXT 2021"]
[Source "ChessBase"]
[SourceDate "2020.10.23"]
[SourceVersion "1"]
[SourceVersionDate "2020.10.23"]
[SourceQuality "1"]
[WhiteTeam "The Rookies"]
[BlackTeam "Poisoned Pawns"]
[WhiteTeamCountry "ENG"]
[BlackTeamCountry "ENG"]

1. e4 c6 2. Nc3 d5 3. Nf3 Bg4 4. h3 Bxf3 5. Qxf3 Nf6 6. e5 Nfd7 7. d4 e6 8. Qg3 c5 9. dxc5 Nc6 10. Bb5 Qc7 11. 0-0 g6 12. Bf4 Bg7 13. Rfe1 Ne7 14. Qd3 Qxc5 15. Ne4 Qc7 16. Nd6+ Kf8 17. Qa3 a6 18. Re3 Rd8 19. Rc3 Qb8 20. Bxd7 Rxd7 21. Nc8 Ke8 22. Nd6+ Kf8 23. Nc8 Ke8 24. Nxe7 Rxe7 25. Qc5 Rd7 26. Bg5 f6 27. Bxf6 Bxf6 28. exf6 Kf7 29. Re1 Re8 30. Qd4 e5 31. Qh4 Kg8 32. Qg5 e4 33. h4 Re5 34. Rc8+ Qxc8 35. Qxe5 Kf7 36. c3 Qc6 37. Rd1 Qxf6 38. Rxd5 Qxe5 39. Rxe5 Rd1+ 40. Kh2 Re1 41. b4 Re2 42. Kg3 Kf6 43. Re8 h5 44. a4 Kf5 45. Re7 b6 46. Rf7+ Ke5 47. Rc7 Rd2 48. Re7+ Kf5 49. f3 Rd3 50. Rxe4 Rxc3 51. Re8 Rc4 52. Ra8 Rxb4 53. Rxa6 Rb2 54. a5 bxa5 55. Rxa5+ Kf6 56. Kh3 Rb3 57. Ra4 Rc3 58. Kg3 Rc2 59. Re4 Ra2 60. Kh3 Ra3 61. Rf4+ Kg7 62. Kg3 Ra2 63. Kh3 Ra3 64. g4 hxg4+ 65. Kxg4 Ra5 66. Rc4 Rb5 67. f4 Ra5 68. Rc3 Rb5 69. Ra3 Rb1 70. Rg3 Rb5 71. Rg1 Ra5 72. Rd1 Rb5 73. Kf3 Rh5 74. Rd7+ Kf6 75. Kg4 Ra5 76. Rd8 Rb5 77. Re8 Rb1 78. Rg8 Rg1+ 79. Kf3 Ra1 80. Rf8+ Kg7 81. Rd8 Ra5 82. Re8 Ra1 83. Re5 Rh1 84. Kg3 Rg1+ 85. Kh3 Rf1 86. Re4 Kf6 87. Kg2 Ra1 88. Rb4 Ra3 89. Rb5 Rc3 90. h5 gxh5 91. Rxh5 Ra3 92. Re5 Rb3 93. Kf2 Ra3 94. Re3 Rxe3 95. Kxe3 Kf5 96. Kf3 Kf6 97. Kg4 Kg6 98. f5+ Kf6 99. Kf4 Kf7 100. Ke5 Ke7 101. f6+ Kf7 102. Kf5 Kf8 1/2-1/2

[Event "BCF-chT3Sb 1819 (4NCL)"]
[Site "England"]
[Date "2018.11.18"]
[Round "2.55"]
[White "Alcock, Graham P"]
[Black "Kemp, Paul R"]
[Result "1/2-1/2"]
[WhiteElo "1745"]
[BlackElo "2032"]
[PlyCount "49"]
[EventDate "2018.11.17"]
[EventType "team-tourn"]
[EventRounds "7"]
[EventCountry "ENG"]
[SourceTitle "EXT 2021"]
[Source "ChessBase"]
[SourceDate "2020.10.23"]
[SourceVersion "1"]
[SourceVersionDate "2020.10.23"]
[SourceQuality "1"]
[WhiteTeam "Surbiton"]
[BlackTeam "Poisoned Pawns"]
[WhiteTeamCountry "ENG"]
[BlackTeamCountry "ENG"]

1. e4 c6 2. d4 d5 3. Bd3 dxe4 4. Bxe4 Nf6 5. Bf3 h6 6. Ne2 Bf5 7. 0-0 e6 8. c4 Be7 9. Nbc3 0-0 10. Ng3 Bg6 11. Be3 Qc7 12. Qe2 Re8 13. Rac1 Nbd7 14. Rfd1 Rac8 15. Nge4 Nxe4 16. Bxe4 Bxe4 17. Nxe4 Nf6 18. Nxf6+ Bxf6 19. Qg4 Kf8 20. b3 Qa5 21. Rc2 Rcd8 22. g3 Re7 23. Qe4 Kg8 24. Qg4 Red7 25. Rcd2 1/2-1/2

[Event "BCF-chT3Sb 1819 (4NCL)"]
[Site "England"]
[Date "2018.11.17"]
[Round "1.55"]
[White "Kemp, Paul R"]
[Black "Cole, James"]
[Result "1/2-1/2"]
[WhiteElo "2032"]
[BlackElo "1990"]
[PlyCount "35"]
[EventDate "2018.11.17"]
[EventType "team-tourn"]
[EventRounds "7"]
[EventCountry "ENG"]
[SourceTitle "EXT 2021"]
[Source "ChessBase"]
[SourceDate "2020.10.23"]
[SourceVersion "1"]
[SourceVersionDate "2020.10.23"]
[SourceQuality "1"]
[WhiteTeam "Poisoned Pawns"]
[BlackTeam "Oxford II"]
[WhiteTeamCountry "ENG"]
[BlackTeamCountry "ENG"]

1. e4 c6 2. d3 d5 3. Nd2 e5 4. Ngf3 Bd6 5. g3 Nf6 6. Bg2 0-0 7. 0-0 Nbd7 8. Re1 Re8 9. c3 Nc5 10. Qc2 Bc7 11. Nb3 dxe4 12. Nxc5 exf3 13. Bxf3 Bb6 14. Ne4 h6 15. Be3 Bf5 16. Bxb6 axb6 17. a3 Nxe4 18. dxe4 1/2-1/2

[Event "BCF-chT2b 1718 (4NCL)"]
[Site "England"]
[Date "2018.01.13"]
[Round "3.86"]
[White "Chavannes, Ivar"]
[Black "Kemp, Paul R"]
[Result "1-0"]
[WhiteElo "2111"]
[BlackElo "2071"]
[PlyCount "75"]
[EventDate "2017.11.11"]
[EventType "team-tourn"]
[EventRounds "7"]
[EventCountry "ENG"]
[SourceTitle "EXT 2020"]
[Source "ChessBase"]
[SourceDate "2019.10.17"]
[SourceVersion "1"]
[SourceVersionDate "2019.10.17"]
[SourceQuality "1"]
[WhiteTeam "Guildford III"]
[BlackTeam "Poisoned Pawns"]
[WhiteTeamCountry "ENG"]
[BlackTeamCountry "ENG"]

1. d4 d5 2. Nf3 Nf6 3. g3 c6 4. Bg2 Bg4 5. h3 Bh5 6. 0-0 e6 7. c4 dxc4 8. Ne5 Nbd7 9. Nxc4 Nb6 10. Ne5 Bd6 11. Nc3 Bxe5 12. dxe5 Qxd1 13. Rxd1 Nfd5 14. Ne4 Bxe2 15. Rd2 Ba6 16. Nd6+ Ke7 17. b3 Nc8 18. Ne4 f5 19. Ba3+ Kd7 20. Nc5+ Ke8 21. Nxe6 Kf7 22. Bxd5 cxd5 23. Nc7 Rb8 24. Rxd5 Nb6 25. e6+ Kg6 26. Rd6 Nc8 27. Rd5 Nb6 28. Re5 Rbc8 29. Rc1 Na8 30. Nd5 Rxc1+ 31. Bxc1 Nb6 32. e7 Nxd5 33. e8Q+ Rxe8 34. Rxe8 Nc3 35. Bb2 Kf7 36. Rh8 Ne2+ 37. Kg2 Kg6 38. Rg8 1-0

[Event "Margate Thanet op"]
[Site "Margate"]
[Date "2017.08.20"]
[Round "5"]
[White "Merry, Alan B"]
[Black "Kemp, Paul R"]
[Result "1-0"]
[WhiteElo "2423"]
[BlackElo "2071"]
[PlyCount "59"]
[EventDate "2017.08.18"]
[EventType "swiss"]
[EventRounds "5"]
[EventCountry "ENG"]
[SourceTitle "EXT 2019"]
[Source "ChessBase"]
[SourceDate "2018.10.10"]
[SourceVersion "1"]
[SourceVersionDate "2018.10.10"]
[SourceQuality "1"]

1. e4 c6 2. d4 d5 3. Nd2 dxe4 4. Nxe4 Bf5 5. Ng3 Bg6 6. h4 h6 7. Nf3 Nd7 8. h5 Bh7 9. Bd3 Bxd3 10. Qxd3 e6 11. Bd2 Ngf6 12. 0-0-0 Qc7 13. Ne4 0-0-0 14. Kb1 Nc5 15. Nxc5 Bxc5 16. Rh4 Bd6 17. Qe2 Kb8 18. c4 c5 19. dxc5 Qxc5 20. Be3 Qf5+ 21. Ka1 e5 22. Rc1 Bc7 23. Ne1 Rd7 24. c5 Nd5 25. Qb5 Re7 26. c6 Nb6 27. cxb7 Kxb7 28. Nd3 Rc8 29. Nc5+ Kb8 30. Na6+ 1-0

[Event "Margate Thanet op"]
[Site "Margate"]
[Date "2017.08.18"]
[Round "1"]
[White "Cove, Henry"]
[Black "Kemp, Paul R"]
[Result "0-1"]
[WhiteElo "1900"]
[BlackElo "2071"]
[PlyCount "84"]
[EventDate "2017.08.18"]
[EventType "swiss"]
[EventRounds "5"]
[EventCountry "ENG"]
[SourceTitle "EXT 2019"]
[Source "ChessBase"]
[SourceDate "2018.10.10"]
[SourceVersion "1"]
[SourceVersionDate "2018.10.10"]
[SourceQuality "1"]

1. d4 d5 2. c4 c6 3. Nf3 Nf6 4. e3 e6 5. b3 Nbd7 6. Bb2 Bd6 7. Bd3 Qe7 8. Nbd2 e5 9. dxe5 Nxe5 10. Nxe5 Bxe5 11. Qc2 0-0 12. Nf3 Qb4+ 13. Nd2 Bxb2 14. Qxb2 dxc4 15. Bxc4 Rd8 16. a3 Qa5 17. b4 Qg5 18. 0-0-0 Be6 19. Bxe6 fxe6 20. h4 Qd5 21. h5 a5 22. Rh4 axb4 23. Rxb4 Qxh5 24. g4 Qc5+ 25. Kb1 Rd3 26. Rc1 Qd5 27. Nb3 b5 28. Rc2 Qh1+ 29. Rc1 Rd1 30. Ka2 Nd5 31. Rd4 Rxc1 32. Qxc1 Qxc1 33. Nxc1 b4 34. e4 Rxa3+ 35. Kb2 c5 36. Rd2 Nf6 37. Rc2 Rc3 38. f3 Rxc2+ 39. Kxc2 Nd7 40. Kb3 Kf7 41. Kc4 Kf6 42. Nd3 Ne5+ 0-1

[Event "BCF-chT4S 1617 (4NCL)"]
[Site "England"]
[Date "2017.05.01"]
[Round "11.72"]
[White "Watson, Jacob"]
[Black "Kemp, Paul R"]
[Result "0-1"]
[WhiteElo "1791"]
[BlackElo "2077"]
[PlyCount "118"]
[EventDate "2016.11.26"]
[EventType "team-swiss"]
[EventRounds "11"]
[EventCountry "ENG"]
[SourceTitle "EXT 2019"]
[Source "ChessBase"]
[SourceDate "2018.10.10"]
[SourceVersion "1"]
[SourceVersionDate "2018.10.10"]
[SourceQuality "1"]
[WhiteTeam "Kent KJCA Kestrels"]
[BlackTeam "Poisoned Pawns II"]
[WhiteTeamCountry "ENG"]
[BlackTeamCountry "ENG"]

1. e4 c6 2. d4 d5 3. Nc3 dxe4 4. Nxe4 Bf5 5. Ng3 Bg6 6. Nf3 Nd7 7. Bd2 e6 8. Bc3 Ngf6 9. Bd3 Nd5 10. Bxg6 hxg6 11. Bd2 Qc7 12. Qe2 Nf4 13. Bxf4 Qxf4 14. Qe4 Bd6 15. Qxf4 Bxf4 16. Ne2 Bd6 17. 0-0-0 Nf6 18. h3 Rh5 19. Nc3 Ke7 20. Rhe1 Bb4 21. Re3 Rd8 22. Ne5 Rf5 23. g4 Rf4 24. Ne2 Re4 25. g5 Rxe3 26. fxe3 Ne4 27. Rf1 Rf8 28. Nf4 Ke8 29. c3 Bd6 30. Nc4 Bc7 31. h4 Rh8 32. Rh1 Nxg5 33. h5 gxh5 34. Rxh5 Rxh5 35. Nxh5 g6 36. Nf4 Ke7 37. Nd3 f6 38. Nc5 b6 39. Na6 Bg3 40. a4 Ne4 41. Kc2 g5 42. Kd3 f5 43. a5 b5 44. Na3 Bd6 45. Nc2 g4 46. c4 bxc4+ 47. Kxc4 Nd2+ 48. Kd3 Nb3 49. e4 fxe4+ 50. Kxe4 Nxa5 51. Ne3 g3 52. Kf3 Nb3 53. Nc2 Kf6 54. Nc5 Nxd4+ 55. Nxd4 Bxc5 56. Nxc6 Bf2 57. Nb4 Ke5 58. Nc6+ Kd5 59. Nb4+ Kc4 0-1

[Event "BCF-chT3Sa 1617 (4NCL)"]
[Site "England"]
[Date "2017.02.12"]
[Round "6.46"]
[White "Alcock, Graham P"]
[Black "Kemp, Paul R"]
[Result "0-1"]
[WhiteElo "1756"]
[BlackElo "2080"]
[PlyCount "42"]
[EventDate "2016.11.26"]
[EventType "team-tourn"]
[EventRounds "11"]
[EventCountry "ENG"]
[SourceTitle "EXT 2019"]
[Source "ChessBase"]
[SourceDate "2018.10.10"]
[SourceVersion "1"]
[SourceVersionDate "2018.10.10"]
[SourceQuality "1"]
[WhiteTeam "Surbiton"]
[BlackTeam "Poisoned Pawns"]
[WhiteTeamCountry "ENG"]
[BlackTeamCountry "ENG"]

1. e4 c6 2. d4 d5 3. Bd3 dxe4 4. Bxe4 Nf6 5. Bf3 Bf5 6. Ne2 e6 7. 0-0 Bd6 8. Nd2 Nbd7 9. Nc4 Bc7 10. Bf4 Qb8 11. Bxc7 Qxc7 12. Ng3 Bg6 13. c3 0-0 14. Qe2 Rfd8 15. Rad1 Rab8 16. Rfe1 b5 17. Ne5 Nxe5 18. Qxe5 Qb6 19. a3 Rbc8 20. Nh5 Nxh5 21. Bxh5 Rd5 0-1

[Event "BCF-chT3Sa 1617 (4NCL)"]
[Site "England"]
[Date "2017.01.14"]
[Round "3.35"]
[White "Kemp, Paul R"]
[Black "Simons, Martin J"]
[Result "1/2-1/2"]
[WhiteElo "2085"]
[BlackElo "2023"]
[PlyCount "62"]
[EventDate "2016.11.26"]
[EventType "team-tourn"]
[EventRounds "11"]
[EventCountry "ENG"]
[SourceTitle "EXT 2019"]
[Source "ChessBase"]
[SourceDate "2018.10.10"]
[SourceVersion "1"]
[SourceVersionDate "2018.10.10"]
[SourceQuality "1"]
[WhiteTeam "Poisoned Pawns"]
[BlackTeam "Wessex"]
[WhiteTeamCountry "ENG"]
[BlackTeamCountry "ENG"]

1. e4 Nc6 2. Nf3 d5 3. exd5 Qxd5 4. d4 e5 5. Nc3 Bb4 6. Bd2 Bxc3 7. Bxc3 e4 8. Ne5 Nxe5 9. dxe5 Ne7 10. Qe2 Bf5 11. Rd1 Qc6 12. Qc4 0-0 13. Qxc6 Nxc6 14. Bb5 Nb8 15. Bb4 Rc8 16. 0-0 c6 17. Bc4 b5 18. Be2 Nd7 19. g4 Be6 20. Bd6 Nb6 21. Rd4 Na4 22. c4 Nxb2 23. cxb5 cxb5 24. Bxb5 Bc4 25. Bxc4 Rxc4 26. Rxc4 Nxc4 27. Re1 Re8 28. Rc1 Rc8 29. Re1 Re8 30. Rc1 Rc8 31. Re1 Re8 1/2-1/2

[Event "BCF-chT3Sb 1516 (4NCL)"]
[Site "England"]
[Date "2016.01.17"]
[Round "4.117"]
[White "Kemp, Paul R"]
[Black "Williamson, Kevin J"]
[Result "1-0"]
[WhiteElo "2094"]
[BlackElo "1963"]
[PlyCount "57"]
[EventDate "2015.11.14"]
[EventType "team-swiss"]
[EventRounds "7"]
[EventCountry "ENG"]
[SourceTitle "CBM 170 Extra"]
[Source "ChessBase"]
[SourceDate "2016.02.25"]
[SourceVersion "1"]
[SourceVersionDate "2016.02.25"]
[SourceQuality "1"]
[WhiteTeam "Poisoned Pawns"]
[BlackTeam "MK Phoenix II"]
[WhiteTeamCountry "ENG"]
[BlackTeamCountry "ENG"]

1. e4 d5 2. exd5 Qxd5 3. Nf3 g6 4. d4 Bg7 5. Be2 Nh6 6. 0-0 0-0 7. c4 Qd8 8. Nc3 Nf5 9. d5 e5 10. dxe6 Bxe6 11. Bg5 Qxd1 12. Rfxd1 h6 13. Bf4 Na6 14. g4 Nd6 15. Nd4 Rad8 16. Nd5 Bxd5 17. cxd5 g5 18. Bxd6 Rxd6 19. Nf5 Rb6 20. Nxg7 Kxg7 21. Rac1 Rxb2 22. Bxa6 bxa6 23. Rxc7 Rxa2 24. d6 Rb2 25. d7 Rbb8 26. Rdc1 Rbd8 27. Rxa7 f6 28. Rc8 a5 29. Raa8 1-0

[Event "Paignton op"]
[Site "Paignton"]
[Date "2012.09.03"]
[Round "2"]
[White "Wells, Jonathan C"]
[Black "Kemp, Paul R"]
[Result "1/2-1/2"]
[WhiteElo "1999"]
[BlackElo "2126"]
[PlyCount "26"]
[EventDate "2012.09.02"]
[EventType "swiss"]
[EventRounds "7"]
[EventCountry "ENG"]
[SourceTitle "CBM 150 Extra"]
[Source "ChessBase"]
[SourceDate "2012.10.19"]
[SourceVersion "1"]
[SourceVersionDate "2012.10.19"]
[SourceQuality "1"]

1. d4 d5 2. c4 c6 3. Nf3 Nf6 4. e3 e6 5. b3 Nbd7 6. Bd3 Be7 7. Bb2 b6 8. Nbd2 0-0 9. 0-0 Bb7 10. Qe2 c5 11. Ne5 Rc8 12. Rac1 Qc7 13. Rfd1 Rfd8 1/2-1/2

[Event "Paignton op"]
[Site "Paignton"]
[Date "2012.09.02"]
[Round "1"]
[White "Kemp, Paul R"]
[Black "Spanton, Timothy"]
[Result "1/2-1/2"]
[WhiteElo "2126"]
[BlackElo "1984"]
[PlyCount "145"]
[EventDate "2012.09.02"]
[EventType "swiss"]
[EventRounds "7"]
[EventCountry "ENG"]
[SourceTitle "CBM 150 Extra"]
[Source "ChessBase"]
[SourceDate "2012.10.19"]
[SourceVersion "1"]
[SourceVersionDate "2012.10.19"]
[SourceQuality "1"]

1. e4 e5 2. Bc4 Nc6 3. d3 d6 4. Nf3 Bg4 5. 0-0 Nd4 6. Nbd2 Qf6 7. c3 Nxf3+ 8. Nxf3 Ne7 9. d4 Ng6 10. Be2 Nf4 11. Bxf4 Qxf4 12. Qd3 0-0-0 13. Rfd1 f5 14. Nd2 Be7 15. g3 Qg5 16. Bxg4 fxg4 17. Nf1 Rhf8 18. dxe5 dxe5 19. Qe3 Kb8 20. Re1 Rf3 21. Qxg5 Bxg5 22. Rad1 Rfd3 23. Rxd3 Rxd3 24. Kg2 Kc8 25. h4 gxh3+ 26. Kxh3 h5 27. Kg2 Kd7 28. Nh2 Ke6 29. Nf3 Bh6 30. Rh1 g6 31. g4 hxg4 32. Ne1 Rd1 33. Rxh6 Rxe1 34. Rxg6+ Kf7 35. Rxg4 Re2 36. Rh4 Kg6 37. Rh8 Rxb2 38. Rc8 c6 39. Rc7 a5 40. a4 Kg5 41. Kg3 Rb3 42. f3 Kf6 43. Kg4 Ke6 44. Rh7 Rxc3 45. Rxb7 Ra3 46. f4 exf4 47. Kxf4 Rxa4 48. Ke3 Rb4 49. Ra7 a4 50. Kd3 Ke5 51. Ra5+ Kd6 52. e5+ Ke6 53. Rc5 Rb6 54. Ra5 Rb5 55. Rxa4 Kxe5 56. Kc4 Kd6 57. Ra8 Rh5 58. Rd8+ Kc7 59. Rg8 Rh4+ 60. Kc3 Kb6 61. Rb8+ Kc5 62. Rc8 Rh3+ 63. Kc2 Kb5 64. Rb8+ Kc4 65. Rc8 c5 66. Rc7 Rh2+ 67. Kc1 Kb4 68. Rc8 c4 69. Rc7 Kc3 70. Kd1 Rh1+ 71. Ke2 Kb3 72. Kd2 c3+ 73. Rxc3+ 1/2-1/2

[Event "Paington op"]
[Site "Paignton"]
[Date "2011.09.08"]
[Round "5"]
[White "Kemp, Paul R"]
[Black "French, Angus"]
[Result "1-0"]
[WhiteElo "2126"]
[BlackElo "2078"]
[PlyCount "80"]
[EventDate "2011.09.04"]
[EventType "swiss"]
[EventRounds "7"]
[EventCountry "ENG"]
[SourceTitle "CBM 144 Extra"]
[Source "ChessBase"]
[SourceDate "2011.10.28"]
[SourceVersion "1"]
[SourceVersionDate "2011.10.28"]
[SourceQuality "1"]

1. e4 Nf6 2. e5 Nd5 3. d4 d6 4. Be2 g6 5. f4 Bg7 6. Nf3 0-0 7. 0-0 Bg4 8. h3 Bxf3 9. Bxf3 c6 10. c4 Nb6 11. Qb3 dxe5 12. dxe5 Qd4+ 13. Be3 Qxc4 14. Bxb6 Qxf4 15. Bxc6 Qxe5 16. Bxb7 axb6 17. Bxa8 Nd7 18. Bf3 Qc5+ 19. Kh1 Be5 20. Nd2 Bb8 21. Rfd1 Qe5 22. Nf1 Nc5 23. Qc3 Qf4 24. Qe3 Qf6 25. b4 Ne6 26. Qxb6 Bc7 27. Qc6 Rb8 28. Rab1 Rb6 29. Qc4 Be5 30. Rb3 Nd4 31. Re3 Nf5 32. Red3 h5 33. a4 Qg5 34. Bd5 e6 35. Be4 Nd6 36. Rxd6 Bxd6 37. b5 Bf4 38. Bc6 Rb8 39. a5 Qf6 40. a6 Qe7 1-0